| 000 | 00460nam a2200157 a 4500 | ||
|---|---|---|---|
| 005 | 20140412111331.0 | ||
| 008 | 030221s19uu xx 00 eng d | ||
| 050 |
_aKIT _bABO 1989 |
||
| 245 | _aAbout time clocks and calendars. | ||
| 260 |
_aU. S. A : _bDevelopmental Learning Materials, _c1982. |
||
| 500 | _aw/ teachers manual | ||
| 650 | _aTime--Teaching cards | ||
| 650 | _aCalendar--Teaching cards | ||
| 650 | _aClocks--Teaching cards | ||
| 999 |
_c104933 _d104933 |
||